Dirty Job or Not? Quiz Stats

Quiz Updated Sep 2, 2015

Also try: Channel Surfing
Challenge
Share
Tweet
Embed
Score 0/24 Timer 04:00
1 Play Today
Job Title Dirty Job or Not? % Correct
Cow Midwife???
81.2%
Cow Hoof Trimmer???
78.8%
Ostrich Wrangler???
78.2%
Owl Vomit Collector???
78.2%
Baby Chicken Sexer???
74.6%
Sporcle Editor???
73.4%
Micro-algae Man???
72.1%
Catfish Noodler???
72%
Goat Milk Soap Maker???
70.4%
Poo Pot Maker???
69.7%
Geoduck Farmer???
69.6%
Kitten Psychologist???
68.2%
Job Title Dirty Job or Not? % Correct
Jester Tester???
65.9%
Half-Life Timer???
64.3%
Pet Rock Miner???
64.2%
Shark Suit Tester???
58.5%
Porcelain Privateer???
55.6%
Halitosis Detector???
42.2%
Gandy Dancer???
41.3%
Cockroach Milker???
39.8%
Outhouse Valet???
38.4%
Hippo Weigher???
38.4%
Turkey Jerky Farmer???
34.4%
Underwater Smelter???
34.1%

You're not logged in!

Compare scores with friends on all Sporcle quizzes.
Sign Up with Email
OR
Log In

You Might Also Like...

Show Comments

Extras

Top Quizzes Today


Score Distribution

Your Account Isn't Verified!

In order to create a playlist on Sporcle, you need to verify the email address you used during registration. Go to your Sporcle Settings to finish the process.